=LDR 00000nam 2200000 4500 =001 INLIS000000000000700 =005 20130612085132 =008 ***********************************Ind** =035 ##$$0010-061300000000700 =041 ##$$a Ind =082 ##$$a 92(Wright) =090 ##$$a 92(Wright). ri-s =100 ##$$a Wright, Peter =245 ##$$a Spy cather, otobiografi yang menghebohkan, Peter Wright; alih bahasa Irwan Saragih =260 ##$$a 1988 $b Jakarta =300 ##$$a ix, 337 hlm, ilus, 24 cm =650 ##$$a Wright, Peter =700 ##$$a Saragih, Irwan =850 ##$$a NBPNMAT